000 00366 a2200097 4500
082 _a363.125 SHO
100 _aShort, Jeffrey
245 _aCTBSSP Synthesis 14: The Role of Safety Culture in Preventing Commercial Motor Vehicle Crashes /
_cJeffery Short...[et al]
260 _aWashington :
_bTransportation Research Board,
_c2007
300 _a49p. :
_bill. ;
_c30 cm
650 _aMotor Vehicle Crashes
999 _c2273
_d2273